Spell the Marvel Hero #140 - Statistics

General Stats
  • This quiz has been taken 18 times
  • The average score is 6 of 9
Answer Stats
Picture Answer % Correct
Black Panther
100%
Old Man Logan
100%
Iceman
82%
Devil Dinosaur
73%
Rescue
73%
White Fox
64%
Snowbird
55%
Northstar
45%
Sersi
45%
No matching quizzes found
Score Distribution
Percent of People with Each Score
Percentile by Number Answered
Your Score History
You have not taken this quiz